| 000 | 01089cam a2200325 a 4500 | ||
|---|---|---|---|
| 001 | 17114364 | ||
| 003 | PILC | ||
| 005 | 20151104094836.0 | ||
| 008 | 120110s2012 enk b 001 0 eng | ||
| 010 | _a 2012930676 | ||
| 020 | _a9780199644933 (hardback) | ||
| 020 | _a9780199644940 (pbk.) | ||
| 040 |
_aDLC _cDLC _dDLC |
||
| 042 | _apcc | ||
| 050 | 0 | 0 |
_aP 146 _b.W39 2012 |
| 082 | 0 | 0 | _a415 |
| 245 | 0 | 0 |
_aWays of structure building / _cedited by Myriam Uribe-Etxebarria and Vidal Valmala. |
| 250 | _a1st edition. | ||
| 260 |
_aOxford ; _aNew York : _bOxford University Press, _c2012. |
||
| 300 |
_axvii, 423 pages ; _c24 cm. |
||
| 490 | 0 |
_aOxford studies in theoretical linguistics ; _v40 |
|
| 500 | _aIncludes bibliographical references and indexes. | ||
| 650 | 0 | _aStructural linguistics. | |
| 650 | 0 |
_aGrammar, Comparative and general _xSyntax. |
|
| 700 | 1 | _aUribe-Etxebarria, Myriam. | |
| 700 | 1 | _aValmala, Vidal. | |
| 906 |
_a7 _bcbc _corignew _d2 _eepcn _f20 _gy-gencatlg |
||
| 942 |
_2lcc _cBK _kFOR |
||
| 999 |
_c288881 _d288881 |
||